El libro de la selva / (Registro nro. 12599)

Detalles MARC
000 -LIDER
fixed length control field 00744nam a2200253 a 4500
001 - NÚMERO DE CONTROL
Identificador de número de control 000005321
003 - IDENTIFICACDOR DE NÚMERO DE CONTROL
control field DO-SdBNP
005 - DATE AND TIME OF LATEST TRANSACTION
control field 20171201100721.0
007 - CAMPOS FIJOS DE DESCRIPCIÓN FÍSICA
fixed length control field 000005390
008 - ELEMENTOS DE LONGITUD FIJA
fixed length control field 090819s1988 sp a 000 0 spa d
020 ## - ISBN
International Standard Book Number 8477222150
040 ## - FUENTE DE CATALOGACIÓN
Agencia que crea de manera original el registro BPMSU
Idioma de catalogación spa
Agencia que realiza la transcripción BPMSU
100 1# - ASIENTO PRINCIPAL -- NOMBRE PERSONAL
Nombre personal
110 ## - ASIENTO PRINCIPAL--NOMBRE CORPORATIVO
Nombre corporativo o de jurisdicción Walt Disney
245 13 - MENCIÓN DE TITULO
Título El libro de la selva /
Mención de responsabilidad traducción Elena Moreno Gutíerrez
260 ## - PUBLICACIÓN, DISTRIBUCIÓN, ETC. (PIE DE IMPRENTA)
Lugar de publicación, distribución, etc Barcelona :
Nombre del editor, distribuidor, etc. EdicionesTimun Mas,
Fecha de publicación, distribución, etc 1988
300 ## - DESCRIPCIÓN FÍSICA
Extensión 43 p. :
Otros detalles físicos il.,
Dimensiones 23 cm.
490 1# - MENCIÓN DE SERIES
Mención de serie Elige tu propia aventura
700 ## - ASIENTO SECUNDARIO -- NOMBRE PERSONAL
Nombre personal Elena Moreno Gutíerrez
830 #0 - ASIENTO SECUNDARIO DE SERIE--TÍTULO UNIFORME
Título uniforme Elige tu propia aventura
Nombre de la parte o sección de una obra Minilibros Disney
942 ## - ADDED ENTRY ELEMENTS (KOHA)
Source of classification or shelving scheme Dewey Decimal Classification
Koha item type Libros
945 ## - INFORMACIÓN DE PROCESAMIENTO LOCAL
Información de procesamiento local Invetariado extranjero / 2017 VM
956 ## - LOCAL ELECTRONIC LOCATION AND ACCESS (OCLC)
Nombre de host VMATEO
Número de acceso 10
Información de compresión 20160331
Inicio de sesión BPMSU
Procesador de solicitud 0069
Existencias
Withdrawn status Lost status Source of classification or shelving scheme Damaged status Not for loan Collection code Home library Current library Date acquired Source of acquisition Total Checkouts Barcode Date last seen Price effective from Koha item type
    Dewey Decimal Classification     Colección Infantil General Biblioteca Pública Metropolitana Salomé Ureña Biblioteca Pública Metropolitana Salomé Ureña 08/01/2017 FUNDI   BPMSU17080001 08/01/2017 08/01/2017 Libros